书目信息 |
| 题名: |
马克思列宁主义哲学问题论文集
|
|
| 作者: | 米丁 著 ;君达 译 | |
| 分册: | ||
| 出版信息: | 三联书店 1954 |
|
| 页数: | 330页 | |
| 开本: | 21cm | |
| 丛书名: | ||
| 单 册: | ||
| 中图分类: | B0-53 | |
| 科图分类: | ||
| 主题词: | 哲学理论 | |
| 电子资源: | ||
| ISBN: | ||
| 000 | 00571nam0 2200193 450 | |
| 001 | 0639229422 | |
| 005 | 20060727105517.07 | |
| 010 | @dCNY0.12 | |
| 100 | @a20060727d1954 km y0chiy0120 ea | |
| 101 | 0 | @achi |
| 200 | 1 | @a马克思列宁主义哲学问题论文集@Ama ke si lie ning zhu yi zhe xue wen ti lun wen ji@f米丁等著@Fmi ding deng zhu@g君达等译@Gjun da deng yi |
| 210 | @c三联书店@d1954 | |
| 215 | @a330页@d21cm | |
| 606 | 0 | @a哲学理论 |
| 690 | @aB0-53@v3 | |
| 701 | 0 | @a米丁@Ami ding@4著 |
| 702 | 0 | @a君达@Ajun da@4译 |
| 801 | 0 | @aCN@bPFT@c20060727 |
| 905 | @a10447@dB0-53@e171 | |
| 马克思列宁主义哲学问题论文集/米丁等著/君达等译.-三联书店,1954 |
| 330页;21cm |
| ISBN :CNY0.12 |
| ● |
| 相关链接 |
|
|
|
|
正题名:马克思列宁主义哲学问题论文集
索取号:B0-53/171
 
预约/预借
| 序号 | 登录号 | 条形码 | 馆藏地/架位号 | 状态 | 备注 |
| 1 | 0439954 | 204399542 | 密集书库/ [索取号:B0-53/171] | 在馆 |